Yu-gi-oh Abridged Songs Quiz Stats

 Plays Quiz not verified by Sporcle

Support Sporcle.
Go Orange.
Score 0/11 Timer 10:00
0 Plays Today
Artist Song Title % Correct
JoeyBrooklyn Rage
83.8%
Marik & BakuraLeather Pants
82.3%
Kaiba & MarikI'm On A Blimp
61.2%
Marik & BakuraStand By Me
57.7%
YugiWithout Yugi
51.2%
MelvinVillain
40.8%
Young Marik & Hank IshtarOut There
36.2%
JadenJaden's Rap
23.1%
Marik & BakuraLeather Pants Remix
20.8%
Yugi & JadenYugi Vs. Jaden Battle
13.1%
YamiYu-gi-oh the Abridged Series Sails Away
5.4%

You're not logged in!

Compare scores with friends on all Sporcle quizzes.
OR
Log In

From the Vault

Logos with Crowns

by mhershfield

Someone tell these brands that giving themselves a crown doesn't make them royalty.
Remove Ads.
Support Sporcle.
Get the best of Sporcle when you Go Orange. This ad-free experience offers more features, more stats, and more fun while also helping to support Sporcle. Thank you for becoming a member.

Show Comments

Extras

Created Feb 15, 2011ReportNominate
Tags:Yu-Gi-Oh

Top Quizzes Today


Score Distribution

Your Account Isn't Verified!

In order to create a playlist on Sporcle, you need to verify the email address you used during registration. Go to your Sporcle Settings to finish the process.

Report this User

Report this user for behavior that violates our Community Guidelines.

Details: